Europäische Fußballvereine nach Emojis #2 - Statistiken

Allgemein
  • Dieses Quiz wurde 278 mal gespielt
  • Das Durchschnittsergebnis liegt bei 15 aus 20
Antwortstatistiken
Hint Antwort % Korrekt
🤍👑🇪🇸 Real Madrid
91%
💚🤍🦁🇵🇹 Sporting Lissabon
86%
🌿💛💙🇹🇷 Fenerbahçe
84%
❤️🤍👑🇲🇨 AS Monaco
83%
🤍❤️🐂🇩🇪 RB Leipzig
83%
❤️🤍🐻🇩🇪 Union Berlin
83%
💜🤍👑🇧🇪 Anderlecht
82%
💙🖤⭐️🇮🇹 Inter Mailand
81%
☘️💚🤍🇬🇷 Panathinaïkós
80%
🦅🩵🤍🇮🇹 Lazio Rom
77%
☘️🤍💚🇮🇪 Shamrock Rovers
75%
❤️🤍🌳🏴󠁧󠁢󠁥󠁮󠁧󠁿 Nottingham Forest
73%
🧡🖤🐟🇫🇷 FC Lorient
70%
🐝❤️🤍🏴󠁧󠁢󠁥󠁮󠁧󠁿 Brentford
69%
💛🖤🦅🇳🇱 Vitesse
69%
💙❤️🇶🇦🇫🇷 PSG
68%
💚🖤🇮🇹 Sassuolo
68%
🤍💙❤️🦁🇫🇷 Olympique lyonnais
67%
🖤🤍🐓🏴󠁧󠁢󠁥󠁮󠁧󠁿 Tottenham
67%
💙🧡🎩🏴󠁧󠁢󠁥󠁮󠁧󠁿 Luton Town
62%
Keine übereinstimmenden Quizze gefunden
Verteilung der Resultate
Anzahl Personen mit jedem Resultat
Perzentil nach korrekt beantworteten Fragen
Ihre Resultats-Entwicklung
Sie haben dieses Quiz noch nicht gespielt